Statistics for 配享魏武帝太庙功臣

Click here to take the quiz!

General Stats

  • This quiz has been taken 84 times
  • The average score is 13 of 26

Answer Stats

官职谥号姓名% Correct
前将军刚侯张辽
93%
大将军忠侯夏侯惇
91%
征西将军愍侯夏侯渊
90%
军师祭酒贞侯郭嘉
88%
右将军威侯乐进
78%
武猛校尉典韦
77%
大司马忠侯曹仁
77%
尚书令敬侯荀攸
74%
车骑将军壮侯张郃
70%
左将军壮侯徐晃
68%
太傅文侯司马懿
65%
破虏将军愍侯李典
61%
大司马元侯曹真
59%
骠骑将军恭侯曹洪
55%
车骑将军肃侯程昱
55%
司徒成侯王朗
41%
大司马壮侯曹休
39%
司空敬侯陈群
32%
立义将军壮侯庞德
28%
征南大将军悼侯夏侯尚
26%
太尉敬侯华歆
23%
太傅成侯钟繇
22%
后将军壮侯文聘
12%
执金吾威侯臧霸
10%
右将军威侯朱灵
3%
太常贞侯桓阶
1%

Score Distribution

Percentile by Number Answered

Percent of People with Each Score

Your Score History

You have not taken this quiz